00739nam a2200229Ia 4500999001700000001000500017003000700022005001700029008004100046040001100087041000800098080002000106100003700126245008000163264001800243300002100261653002300282653002500305653002900330942001200359952013800371 c36436d364362351GE_BSU20221027130619.0181216s2009bu xx |||||||||||||| ||bul|| cGE_BSU abul a327(479.2) W-81 aKristina Popova и др.915580 aWomen and minorities:Ways of archivingbVol.1c Popova Kristina и др. aSofia,b2009. a293 c. :b24 cm. aWays of archiving. aWomen and minorities aპლოიტიკა cBK2udc 00102udc4063274792_W8170935395aCPLbCPLcGENd2018-12-17g15.00o327(479.2) W-81p4544r2018-12-17t4544w2018-12-17yBKz15.00